Memorandum of understanding between the government of the People's Republic of Bangladesh and the Department of Energy and Climate Change of the United Kingdom and the Engineering and Physical Sciences Research Council of the United Kingdom (Record no. 113321)

MARC details
000 -LEADER
fixed length control field 01371cad a22002295a 4500
001 - CONTROL NUMBER
control field L155100
008 - FIXED-LENGTH DATA ELEMENTS--GENERAL INFORMATION
fixed length control field 120229s2012 xxk f 000 0 eng d
035 ## - SYSTEM CONTROL NUMBER
System control number (Sirsi) u155100
041 0# - LANGUAGE CODE
Language code of text/sound track or separate title eng
110 2# - MAIN ENTRY--CORPORATE NAME
Corporate name or jurisdiction name as entry element United Kingdom
Subordinate unit Department of Energy and Climate Change
9 (RLIN) 5850
245 00 - TITLE STATEMENT
Title Memorandum of understanding between the government of the People's Republic of Bangladesh and the Department of Energy and Climate Change of the United Kingdom and the Engineering and Physical Sciences Research Council of the United Kingdom
Remainder of title on collaboration in energy research and development
Medium [electronic resource]
260 ## - PUBLICATION, DISTRIBUTION, ETC.
Place of publication, distribution, etc. London
Name of publisher, distributor, etc. DECC
Date of publication, distribution, etc. 2012
520 ## - SUMMARY, ETC.
Summary, etc. Memorandum of Understanding on energy research. Internationally renowned UK universities and institutes will partner with colleagues in Bangladesh to develop research projects on renewable energy and work relating to energy technologies, systems, services and policies.
590 ## - LOCAL NOTE (RLIN)
Local note KA
651 #4 - SUBJECT ADDED ENTRY--GEOGRAPHIC NAME
Geographic name United Kingdom
651 #4 - SUBJECT ADDED ENTRY--GEOGRAPHIC NAME
Geographic name Bangladesh
690 ## - LOCAL SUBJECT ADDED ENTRY--TOPICAL TERM (OCLC, RLIN)
Topical term or geographic name as entry element Energy
9 (RLIN) 6237
700 1# - ADDED ENTRY--PERSONAL NAME
Personal name Republic of Bangladesh
700 1# - ADDED ENTRY--PERSONAL NAME
Personal name Engineering and Physical Sciences Research Council
9 (RLIN) 167
856 40 - ELECTRONIC LOCATION AND ACCESS
Uniform Resource Identifier <a href="https://www.decc.gov.uk/assets/decc/11/about-us/economics-social-research/4471-memorandum-of-understanding-uk-bangladesh-energy-r.pdf">https://www.decc.gov.uk/assets/decc/11/about-us/economics-social-research/4471-memorandum-of-understanding-uk-bangladesh-energy-r.pdf</a>
Public note View the Memorandum of Understanding free of charge at www.decc.gov.uk
942 ## - ADDED ENTRY ELEMENTS (KOHA)
Suppress in OPAC 0
Holdings
Withdrawn status Lost status Source of classification or shelving scheme Damaged status Not for loan Home library Current library Shelving location Date acquired Total Checkouts Full call number Barcode Date last seen Copy number Price effective from Koha item type
    Dewey Decimal Classification     Virtual Virtual Online 29/02/2012   ONLINE PUBLICATION 155100-2001 06/08/2019 1 06/08/2019 Book